Estudio de las condiciones de higiene del aire de las ciudad de buenos aires /

Guardado en:
Autor Principal: Marsico, Alfredo D.
Formato: Libro
Publicado: Buenos Aires : Universidad de Buenos Aires, 1974
Materias:
Etiquetas: Agregar Etiqueta
Sin Etiquetas, Sea el primero en etiquetar este registro!
LEADER 00573nam a22001815a 4500
001 CEM.cems004166
005 20060216000000.0
008 130507s1974##################000#0#####d
003 CEMS
082 0 4 |a 614.70982 
100 1 |a Marsico, Alfredo D. 
245 1 0 |a Estudio de las condiciones de higiene del aire de las ciudad de buenos aires / 
260 |a Buenos Aires :  |b Universidad de Buenos Aires,  |c 1974 
300 |a 155 p. 
653 |a Aire-contaminacion 
653 |a Contaminacion 
653 |a Medio ambiente 
859 |a CEMS  |b BIB. CEMS - 11 de abril  |h 614.70982  |i M358  |p 9965.81  |t Ej.1